[Event "Chennai Velammal rapid op"]
[Site "Chennai"]
[Date "2019.11.02"]
[Round "2"]
[White "Nitin, Senthilvel"]
[Black "Yashwant, Annamalai"]
[Result "1-0"]
[WhiteElo "2452"]
[BlackElo "1420"]
[PlyCount "73"]
[EventDate "2019.11.02"]
[EventType "swiss (rapid)"]
[EventRounds "9"]
[EventCountry "IND"]
[SourceTitle "CBM 192 Extra"]
[Source "Chessbase"]
[SourceDate "2019.11.06"]
[SourceVersion "1"]
[SourceVersionDate "2019.11.06"]
[SourceQuality "1"]

1. e4 e5 2. Nf3 Nf6 3. Nc3 Bb4 4. Nxe5 0-0 5. Be2 d6 6. Nd3 Bxc3 7. dxc3 Nxe4 8. Nf4 Nc6 9. 0-0 Bf5 10. Be3 Qd7 11. c4 a5 12. a3 Ne7 13. Bd4 Rfe8 14. b3 d5 15. f3 Ng5 16. Nh5 Ne6 17. Bxg7 Qc6 18. Bb2 Red8 19. Nf6+ Kf8 20. Qc1 Ng7 21. Bd3 d4 22. Qg5 Bg6 23. Rae1 Ng8 24. Nd5 Bxd3 25. cxd3 h6 26. Qf4 Ne6 27. Qh4 Qc5 28. Bc1 Kg7 29. Qg3+ Kh7 30. Re5 Qf8 31. f4 c6 32. f5 Ng7 33. Nf4 Re8 34. Ng6 Qd6 35. Bf4 Rxe5 36. Bxe5 Qd7 37. Nf8+ 1-0